000 00771nam a22002057a 4500
005 20251108171139.0
008 250721s2003 xx 000 0 ara d
082 1 4 _aم/216.2/أند
100 1 _aالأندلسي، أبي عمر يوسف بن عبد الله
_eمؤلف
245 1 0 _aالإستذكار :
_bالجامع لمذاهب فقهاء ال"أمصار و علماء الأقطار فيما تضمنه الموطأ من ............... /
250 _aط4
264 1 _aأبو ظبي :
_bمؤسسة النداء،
_c2003.
300 _a10 مج
650 1 7 _aالفقه الإسلامي
650 1 7 _aالعبادات
650 1 7 _aالأحكام الشرعية
700 1 _aالقيسيه، محمد
_eتحقيق
942 _2ddc
_cREF
999 _c57785
_d57785